Learning-C / (Record no. 41635)

MARC details
000 -LEADER
fixed length control field 00748nam a22002057a 4500
005 - DATE AND TIME OF LATEST TRANSACTION
control field 20100813140018.0
010 ## - LCCN (DPL NO)
LC control number ENG-100360
020 ## - INTERNATIONAL STANDARD BOOK NUMBER
Terms of availability 850.00
035 ## - SYSTEM CONTROL NUMBER
System control number EN-83892
037 ## - SOURCE OF ACQUISITION
Source of stock number/acquisition DBAD/PUB
082 ## - DEWEY DECIMAL CLASSIFICATION NUMBER
Classification number 005.133
100 ## - MAIN ENTRY--PERSONAL NAME
Personal name Gole, Abhijeet
245 ## - TITLE STATEMENT
Title Learning-C /
Statement of responsibility, etc by Abhijeet Gole
260 ## - PUBLICATION, DISTRIBUTION, ETC. (IMPRINT)
Place of publication, distribution, etc Pune
Name of publisher, distributor, etc Avani Publications
Date of publication, distribution, etc 2008
270 ## - ADDRESS
Address Flat No.2, Ground Floor, Radhakrihna Apts., Prabhat Road, Lane No. 10, Erandawana
City Pune
Postal code 411004
300 ## - PHYSICAL DESCRIPTION
Extent 156, 28p.
Dimensions 28cm (pbk)
650 ## - SUBJECT ADDED ENTRY--TOPICAL TERM
Topical term or geographic name as entry element C (Computer program language)
942 ## - ADDED ENTRY ELEMENTS (KOHA)
Source of classification or shelving scheme Dewey Decimal Classification
Item type English Books
Classification part 005.133
Call number suffix GOL
Holdings
Withdrawn status Lost status Not for loan Collection code Home library Current library Date acquired Source of acquisition Cost, normal purchase price Full call number Barcode Copy number Cost, replacement price Koha item type
    Not For Loan Non-fiction D.B.Act.Division D.B.Act.Division 13/08/2010 DBAD/PUB 850.00 005.133 GOL EN-83892 1 850.00 English Books

© Delhi Public Library
Hit Counter
free hit counter